00497 a2200145 4500020001500000020001800015082001100033100002500044245008500069260003100154300002100185490006400206700001700270830006400287 a0387280804 a9780387280806 a519.231 aChorin, Alexandre J.10aStochastic tools in mathematics and science /cAlexandre J. Chorin, Ole H. Hald. a[S.l.] :bSpringer,c2005. a147 p. ;c23 cm.1 aSurveys and tutorials in the applied mathematical sciences.1 aHald, Ole H. 0aSurveys and tutorials in the applied mathematical sciences.